000 00719pam a2200253 x 4500
001 3004
003 BD-DhBUF
005 20260218121043.0
008 950228s1994 enkac 00110beng b
015 _ab9481110
020 _a000224361X
020 _a0006382673 (pbk.)
035 _a(StEdNL)2305567-nlsdb-Voyager
040 _aStEdNL
_cStEdNL
082 0 0 _a338.04092
_220
100 1 0 _aJackson, Tim.
245 1 0 _aVirgin king :
_binside Richard Branson's business empire /
_cTim Jackson.
260 _aLondon :
_bHarperCollins,
_c1994.
300 _a383 p., [16] p. of plates ;
_c25 cm.
350 0 0 _a£17.50 : Formerly CIP
504 0 0 _aIncludes index.
600 1 0 _aBranson, Richard.
_94335
942 _2ddc
_cBK
999 _c3004
_d3004